| 000 | 00761nam a22002297a 4500 | ||
|---|---|---|---|
| 005 | 20170124110046.0 | ||
| 010 | _aA-991898 | ||
| 020 |
_c00.00 _a8124601348 |
||
| 035 | _aA-991898 | ||
| 037 | _bCen Lib/Ret | ||
| 040 |
_aDPL _bEN |
||
| 082 |
_a780.954 _bMIT |
||
| 100 |
_aMittal, Anjali _924500 |
||
| 245 |
_aHindustānī music and the aesthetic concept of form / _cby Anjali Mittal |
||
| 260 |
_aNew Delhi _bD.K.Printworld _c2000 |
||
| 270 |
_a'Sri Kunj',F-52, Bali Nagar _bNew Delhi _e110015 |
||
| 300 |
_aviii,174p. : _c24cm(Hb) _bill. |
||
| 500 | _aIncludes bibliographical references and index | ||
| 650 |
_aMusic -- India -- Philosophy and aesthetics. _928692 |
||
| 650 |
_aMusical form. _924502 |
||
| 942 |
_2ddc _cEN _h780.954 _mMIT |
||
| 999 |
_c128813 _d128813 |
||